[Event "V Festival A"]
[Site "Vanzaghello ITA"]
[Date "2009.05.10"]
[Round "5"]
[White "Zulkipli, Zaidan"]
[Black "Rota, Simone"]
[Result "1-0"]
[WhiteElo "1975"]
[BlackElo "1997"]
[PlyCount "153"]
[EventDate "2009.05.08"]

1. g3 Nf6 2. Bg2 d5 3. d4 g6 4. Nf3 Bg7 5. Nbd2 O-O 6. O-O c6 7. e3 Bg4 8. h3
Bf5 9. b3 Na6 10. a3 Rc8 11. g4 Be4 12. c4 h6 13. Bb2 g5 14. Nxe4 Nxe4 15. Qe2
e6 16. Rfd1 Nc7 17. Ne5 Qe8 18. f3 Nf6 19. a4 Kh8 20. Qc2 Nd7 21. f4 Nxe5 22.
dxe5 gxf4 23. exf4 Qd8 24. Ba3 Rg8 25. Bc5 b6 26. Bf2 f6 27. Bh4 Qf8 28. Rf1
Qc5+ 29. Bf2 Qf8 30. Rae1 Qf7 31. c5 b5 32. Bd4 Rcf8 33. exf6 Bxf6 34. Bxf6+
Qxf6 35. Re5 a6 36. Rh5 Qg6 37. Qc3+ Rg7 38. f5 exf5 39. Rfxf5 Rxf5 40. Rxf5
Ne8 41. Qe5 Kg8 42. Bf1 Nc7 43. Rf6 Qe8 44. Qxe8+ Nxe8 45. Rxh6 Rc7 46. Bd3
bxa4 47. bxa4 a5 48. Kf2 Ng7 49. Rd6 Ne8 50. Rd8 Kf8 51. Bg6 Re7 52. Rc8 Re6
53. Bxe8 Rxe8 54. Rxc6 Re4 55. Rd6 Rxa4 56. Rxd5 Rc4 57. c6 Rxc6 58. Rxa5 Kg7
59. Kg3 Rc3+ 60. Kh4 Kg6 61. Ra6+ Kg7 62. g5 Rb3 63. Kg4 Rb4+ 64. Kh5 Rb7 65.
h4 Rc7 66. Ra4 Rb7 67. Kg4 Rb1 68. Ra7+ Kg8 69. Kh5 Rb6 70. g6 Rb5+ 71. Kh6 Rb8
72. h5 Rc8 73. Ra5 Rb8 74. Kg5 Rc8 75. h6 Rb8 76. h7+ Kg7 77. Ra7+ 1-0

[Event "III Torneo Estate Vomero"]
[Site "Napoli ITA"]
[Date "2009.05.07"]
[Round "1"]
[White "Borrelli, Salvatore"]
[Black "Sorrentino, Michele"]
[Result "0-1"]
[WhiteElo "1770"]
[BlackElo "2023"]
[PlyCount "72"]
[EventDate "2009.05.08"]

1. d4 Nf6 2. Bf4 d6 3. e3 Nbd7 4. Nf3 c5 5. c3 g6 6. Be2 Bg7 7. O-O O-O 8. h3
b6 9. Nbd2 Bb7 10. a4 a6 11. Bc4 Qc7 12. Qb3 h6 13. d5 b5 14. axb5 axb5 15.
Bxb5 Bxd5 16. c4 Bb7 17. Qc2 e5 18. Bh2 e4 19. Rxa8 Rxa8 20. Ne1 Nb8 21. Nb1
Na6 22. Bxa6 Bxa6 23. Na3 Rb8 24. Qd2 Ne8 25. Nb5 Bxb5 26. cxb5 Rxb5 27. Qd5
Qb7 28. Qxb7 Rxb7 29. Nc2 Rxb2 30. Na3 d5 31. Rd1 Ra2 32. Nb5 Ra5 33. Rb1 Ra1
34. Rxa1 Bxa1 35. Kf1 d4 36. exd4 cxd4 0-1

[Event "III Torneo Estate Vomero"]
[Site "Napoli ITA"]
[Date "2009.05.07"]
[Round "1"]
[White "Cosenza, Gianni"]
[Black "Miccoli, Livio"]
[Result "1-0"]
[WhiteElo "1927"]
[BlackElo "1640"]
[PlyCount "79"]
[EventDate "2009.05.08"]

1. e4 e6 2. d4 d5 3. Nd2 c5 4. exd5 Qxd5 5. Ngf3 Nc6 6. Bc4 Qh5 7. dxc5 Bxc5 8.
Ne4 Be7 9. O-O Nf6 10. Nd6+ Kf8 11. Nxc8 Rxc8 12. Bb3 Rd8 13. Qe2 Na5 14. Bf4
Nxb3 15. axb3 Nd5 16. Bg3 a6 17. Rfe1 Bd6 18. Rad1 Bxg3 19. hxg3 Ke7 20. Qc4
Rd7 21. Re5 Qh6 22. Rdxd5 Rxd5 23. Qxd5 Rd8 24. Qc5+ Ke8 25. Re1 Qf6 26. c3 Rd7
27. b4 Qd8 28. Nd4 Rd5 29. Qc4 Kf8 30. Qe2 e5 31. Nf3 f6 32. Qe4 g6 33. Qe3 Kg7
34. g4 Rd3 35. Qe2 Qd7 36. g5 Qf5 37. gxf6+ Kxf6 38. Nxe5 Rd5 39. Ng4+ Kg5 40.
Ne3 1-0

[Event "III Torneo Estate Vomero"]
[Site "Napoli ITA"]
[Date "2009.05.07"]
[Round "1"]
[White "De Rosa, Francesco"]
[Black "De Simone, Dario"]
[Result "1-0"]
[WhiteElo "1968"]
[BlackElo "1661"]
[PlyCount "37"]
[EventDate "2009.05.08"]

1. e4 d5 2. exd5 Qxd5 3. Nc3 Qd6 4. d4 Nf6 5. Nf3 a6 6. g3 Bg4 7. Bg2 Nc6 8.
Bf4 Qd7 9. h3 Bh5 10. g4 Bg6 11. Ne5 Nxe5 12. dxe5 Qe6 13. O-O Rd8 14. Qf3 Nd7
15. Qxb7 Qb6 16. e6 Qxb7 17. exd7+ Rxd7 18. Bxb7 e6 19. Bxa6 1-0

[Event "III Torneo Estate Vomero"]
[Site "Napoli ITA"]
[Date "2009.05.07"]
[Round "1"]
[White "Esposito, Pino"]
[Black "Messina, Enrico"]
[Result "0-1"]
[WhiteElo "1828"]
[BlackElo "2147"]
[PlyCount "114"]
[EventDate "2009.05.08"]

1. d4 Nf6 2. c4 c5 3. e3 e6 4. Nc3 b6 5. Nf3 Bb7 6. Be2 Be7 7. O-O O-O 8. Qc2
d6 9. Rd1 Nbd7 10. b3 cxd4 11. Nxd4 a6 12. Ba3 Qc7 13. Bf3 Rfd8 14. Rac1 Rac8
15. Qe2 Bf8 16. Bxb7 Qxb7 17. Qf3 Qc7 18. Ne4 Nxe4 19. Qxe4 Nf6 20. Qf3 Qd7 21.
Bb2 Rc7 22. Ne2 Be7 23. e4 Qc8 24. h3 Rc5 25. Bd4 Rc6 26. Qe3 Qb7 27. a4 Nd7
28. Qg3 Bf8 29. Qe3 Rdc8 30. Rd3 Qc7 31. Rcd1 Nc5 32. Bxc5 Rxc5 33. Nd4 Be7 34.
Qg3 Rg5 35. Qe3 Rg6 36. Nf3 Qc6 37. Kf1 h6 38. Nd4 Qc5 39. Nf3 Qc7 40. Qe2 Qb7
41. Qe3 b5 42. axb5 axb5 43. cxb5 Qxb5 44. Nd4 Qa6 45. Qe2 Rg5 46. R3d2 Qb6 47.
Qd3 Rgc5 48. Rc2 g6 49. Rb1 Qb4 50. Qd2 Rc3 51. Rxc3 Rxc3 52. Nc2 Qb5+ 53. Kg1
Rxb3 54. Rd1 Rb2 55. Qc3 Qb6 56. Ne3 h5 57. Qc8+ Kg7 0-1

[Event "III Torneo Estate Vomero"]
[Site "Napoli ITA"]
[Date "2009.05.07"]
[Round "1"]
[White "Ficco, Corrado"]
[Black "D'Orta, Antonio"]
[Result "1/2-1/2"]
[WhiteElo "2163"]
[BlackElo "1833"]
[PlyCount "163"]
[EventDate "2009.05.08"]

1. e4 Nc6 2. d4 e5 3. d5 Nce7 4. Nf3 Nf6 5. Bd3 d6 6. c4 c5 7. dxc6 bxc6 8. Nc3
Ng6 9. h4 Bg4 10. Qa4 Qd7 11. Nh2 Be6 12. Bg5 Be7 13. O-O-O h6 14. Bxf6 Bxf6
15. g3 O-O 16. Be2 Rfb8 17. Rd2 a5 18. c5 Be7 19. cxd6 Bxd6 20. Rhd1 Qb7 21.
Bc4 Nf8 22. Bxe6 Nxe6 23. Nf3 Bb4 24. Qc2 a4 25. Rd7 Qb6 26. Nxa4 Rxa4 27. Qxa4
Nc5 28. Qa7 Nxd7 29. Rxd7 Qb5 30. b3 Bc5 31. Qc7 Ba3+ 32. Kd1 Qf1+ 33. Ne1 Rf8
34. Rd8 Qxf2 35. Rxf8+ Bxf8 36. Qxe5 Qxa2 37. Qc3 Qb1+ 38. Kd2 Qxe4 39. Nc2 h5
40. Nd4 c5 41. Ne2 Bd6 42. Qd3 Qe5 43. Qc3 Qd5+ 44. Qd3 Qe6 45. Qe3 Qd7 46. Qd3
Qc7 47. Kc2 g6 48. Qf3 c4 49. bxc4 Qxc4+ 50. Kd1 Qa4+ 51. Ke1 Qa1+ 52. Kf2 Qa2
53. Qd3 Qa7+ 54. Kg2 Qb7+ 55. Kh2 Be5 56. Qd8+ Kg7 57. Qd3 Qc6 58. Qe3 Qd5 59.
Kg1 Bd6 60. Kh2 Be5 61. Kg1 Qe6 62. Kg2 Qd5+ 63. Kh2 f6 64. Qa7+ Qf7 65. Qa8 g5
66. Qe4 Qe6 67. hxg5 fxg5 68. Kg2 Qf6 69. Qb7+ Qf7 70. Qe4 Qf6 71. Qd5 Qd6 72.
Qxd6 Bxd6 73. Kf3 Be5 74. Ke4 Kf6 75. Kf3 Kf5 76. Kg2 Kg4 77. Kf2 Bd6 78. Kg2
Bc7 79. Nd4 Bxg3 80. Ne6 h4 81. Nxg5 Kxg5 82. Kh1 1/2-1/2

[Event "III Torneo Estate Vomero"]
[Site "Napoli ITA"]
[Date "2009.05.07"]
[Round "1"]
[White "Iannotta, Francesco"]
[Black "De Meo, Guido"]
[Result "0-1"]
[WhiteElo "1653"]
[BlackElo "1948"]
[PlyCount "82"]
[EventDate "2009.05.08"]

1. e4 c5 2. c3 Nf6 3. e5 Nd5 4. d4 cxd4 5. cxd4 e6 6. Nf3 Bb4+ 7. Bd2 Bxd2+ 8.
Qxd2 Nc6 9. Be2 O-O 10. O-O d6 11. Nc3 Nxc3 12. Qxc3 d5 13. a3 Bd7 14. Qe3 Ne7
15. Bd3 Nf5 16. Qf4 h6 17. h3 g5 18. Qg4 Ng7 19. Kh1 f5 20. exf6 Rxf6 21. Ne5
Rf4 22. Qd1 Be8 23. Ng4 h5 24. g3 Rxd4 25. Nh6+ Kh8 26. Qf3 Qe7 27. Rfe1 Rxd3
28. Qxd3 Qf6 29. Ng4 hxg4 30. hxg4 Bg6 31. Qe3 b6 32. Kg2 Kg8 33. Rac1 Re8 34.
Rc7 d4 35. Qe2 d3 36. Qe3 Qxb2 37. Qxg5 d2 38. Qxg6 dxe1=Q 39. Qf7+ Kh7 40.
Qh5+ Kg8 41. Qf7+ Kh8 0-1

[Event "III Torneo Estate Vomero"]
[Site "Napoli ITA"]
[Date "2009.05.07"]
[Round "1"]
[White "Supino, Domenico"]
[Black "De Fazio, Giovanni"]
[Result "1-0"]
[WhiteElo "2102"]
[BlackElo "1793"]
[PlyCount "71"]
[EventDate "2009.05.08"]

1. Nf3 Nf6 2. g3 e6 3. Bg2 Be7 4. d3 d5 5. O-O O-O 6. Nbd2 Nbd7 7. e4 dxe4 8.
dxe4 e5 9. Qe2 Re8 10. Rd1 c6 11. Nc4 Qc7 12. Bg5 Ng4 13. Bxe7 Rxe7 14. Nd6 Nb6
15. Nxc8 Rxc8 16. Bh3 h5 17. Nh4 Rd8 18. Bxg4 hxg4 19. Qxg4 Red7 20. Nf5 g6 21.
Ne3 Na4 22. Rxd7 Rxd7 23. Rd1 Rd6 24. Rxd6 Qxd6 25. Qc8+ Kg7 26. Qxb7 Nc5 27.
Qxa7 Nxe4 28. Qa5 Qd4 29. c3 Qd3 30. Qxe5+ Kg8 31. Qe8+ Kg7 32. Qe5+ Kg8 33.
Qd4 Qb1+ 34. Kg2 Kh7 35. a4 Ng5 36. Qh4+ 1-0

[Event "III Torneo Estate Vomero"]
[Site "Napoli ITA"]
[Date "2009.05.07"]
[Round "1"]
[White "Vannini, Aldo"]
[Black "Rosato, Luciano"]
[Result "0-1"]
[WhiteElo "1846"]
[BlackElo "2268"]
[PlyCount "94"]
[EventDate "2009.05.08"]

1. e4 g6 2. d4 Bg7 3. Nf3 d6 4. Be2 Nc6 5. h3 Nf6 6. Nc3 O-O 7. O-O h6 8. Be3
a6 9. Qd2 Kh7 10. Nh2 b5 11. a3 e5 12. d5 Ne7 13. f4 exf4 14. Rxf4 g5 15. Rf2
Ng6 16. Raf1 Qe7 17. Bd3 Nd7 18. Nf3 Nde5 19. Nxe5 Bxe5 20. Be2 f6 21. Bf3 Kg7
22. b4 Bg3 23. Re2 Rh8 24. Bh5 Nf4 25. Bxf4 Bxf4 26. Qd3 Be5 27. Ref2 Bd7 28.
Ne2 Rhf8 29. Nd4 Rac8 30. Bg4 Bxg4 31. hxg4 Bxd4 32. Qxd4 c5 33. dxc6 Rxc6 34.
Rd2 Qe6 35. Rf5 Rf7 36. Rdf2 Rc4 37. Qb6 Rxe4 38. Qxa6 Re1+ 39. Kh2 Qc4 40.
Qxd6 Qxg4 41. Qg3 Rh1+ 42. Kxh1 Qxg3 43. Kg1 Qxa3 44. Rxb5 Re7 45. Rb6 Qa1+ 46.
Kh2 Qd4 47. Rbxf6 Qxf6 0-1

[Event "III Torneo Estate Vomero"]
[Site "Napoli ITA"]
[Date "2009.05.14"]
[Round "2"]
[White "Caporali, Dante"]
[Black "Capozzoli, Silvio"]
[Result "0-1"]
[WhiteElo "1562"]
[BlackElo "1961"]
[PlyCount "40"]
[EventDate "2009.05.08"]

1. d4 Nf6 2. c4 d6 3. Nc3 e5 4. dxe5 dxe5 5. Qxd8+ Kxd8 6. Bg5 Be6 7. e3 c6 8.
Nf3 Nbd7 9. Be2 Kc7 10. O-O Ne8 11. Bh4 Nd6 12. Bg3 f6 13. b3 Nf5 14. Rad1 h5
15. e4 Nxg3 16. hxg3 g5 17. Nh2 g4 18. Nb1 a5 19. f3 Bc5+ 20. Kh1 h4 0-1

[Event "III Torneo Estate Vomero"]
[Site "Napoli ITA"]
[Date "2009.05.14"]
[Round "2"]
[White "De Meo, Guido"]
[Black "Supino, Domenico"]
[Result "0-1"]
[WhiteElo "1948"]
[BlackElo "2102"]
[PlyCount "96"]
[EventDate "2009.05.08"]

1. d4 Nf6 2. c4 g6 3. Nc3 Bg7 4. e4 d6 5. Nf3 Nbd7 6. Be3 O-O 7. Be2 e5 8. O-O
c6 9. Rb1 Qe7 10. d5 a5 11. Nd2 Ne8 12. f4 exf4 13. Bxf4 Nc5 14. Be3 Na6 15.
Bf3 Nb4 16. Nb3 c5 17. a3 Na6 18. Nxa5 Nac7 19. Nb3 Bd7 20. Qd2 b5 21. cxb5
Nxb5 22. Nxb5 Bxb5 23. Rfe1 Ba4 24. Na5 Qc7 25. Nc4 Bb3 26. Rbc1 Rb8 27. Na5
Bxd5 28. b4 Ba8 29. Qd3 Nf6 30. e5 dxe5 31. Rxc5 Qe7 32. Bg5 e4 33. Bxf6 Qxf6
34. Bxe4 Qd4+ 35. Kh1 Rbe8 36. Qxd4 Bxd4 37. Rcc1 Rxe4 38. Rxe4 Bxe4 39. Rc4
Rd8 40. h3 Be5 41. Rc1 Rd2 42. Kg1 Rxg2+ 43. Kf1 Rh2 44. Rc8+ Kg7 45. Re8 Bd3+
46. Ke1 Bc3+ 47. Kd1 Rh1+ 48. Re1 Rxe1# 0-1

[Event "III Torneo Estate Vomero"]
[Site "Napoli ITA"]
[Date "2009.05.14"]
[Round "2"]
[White "De Simone, Dario"]
[Black "Lerro, Luca"]
[Result "1-0"]
[WhiteElo "1661"]
[BlackElo "1440"]
[PlyCount "100"]
[EventDate "2009.05.08"]

1. d4 Nf6 2. Nf3 c5 3. d5 g6 4. Nc3 d6 5. e4 Nbd7 6. Bg5 Bg7 7. Qd2 a6 8. Bd3
b5 9. Bh6 O-O 10. Bxg7 Kxg7 11. O-O c4 12. Be2 Qb6 13. a4 b4 14. a5 Qc7 15. Na2
Nxe4 16. Qd4+ Ndf6 17. Nxb4 Qc5 18. Qxc4 Qxc4 19. Bxc4 Bb7 20. Rfe1 Rfe8 21.
Nd4 Nc5 22. Nbc6 e6 23. b4 exd5 24. bxc5 dxc5 25. Bb3 cxd4 26. Nxd4 Re4 27.
Rxe4 dxe4 28. c4 Nd7 29. Rd1 Nc5 30. Bc2 f5 31. Ne6+ Nxe6 32. Rd7+ Kf6 33. Rxb7
h6 34. Rb6 Ke5 35. Kf1 g5 36. Ba4 h5 37. Bc6 Ra7 38. Bd5 Nc7 39. Bf7 h4 40. Ke2
f4 41. h3 Kf5 42. c5 Nb5 43. Bc4 Nc7 44. c6 Ra8 45. Rb7 Ne6 46. Kd2 Rd8+ 47.
Rd7 Rc8 48. Bxa6 Rxc6 49. Bb7 Rc7 50. Rd5+ Kf6 1-0

[Event "III Torneo Estate Vomero"]
[Site "Napoli ITA"]
[Date "2009.05.14"]
[Round "2"]
[White "Esposito, Rosario"]
[Black "Ficco, Corrado"]
[Result "0-1"]
[WhiteElo "1855"]
[BlackElo "2163"]
[PlyCount "74"]
[EventDate "2009.05.08"]

1. d4 Nf6 2. c4 g6 3. Nc3 d5 4. Bf4 Bg7 5. e3 O-O 6. cxd5 Nxd5 7. Nxd5 Qxd5 8.
Bxc7 Na6 9. Bxa6 Qxg2 10. Qf3 Qxf3 11. Nxf3 bxa6 12. Rc1 Be6 13. b3 Rac8 14.
Kd2 Rfe8 15. Rc5 Bg4 16. Ne5 Bxe5 17. Bxe5 Rxc5 18. dxc5 Rd8+ 19. Kc3 Rd5 20.
Bg3 Rxc5+ 21. Kb2 e5 22. Rc1 Rxc1 23. Kxc1 f6 24. f4 e4 25. Kd2 Kf7 26. Kc3 Ke6
27. Kd4 Kf5 28. b4 Be2 29. a3 Bd3 30. Kd5 Kg4 31. Ke6 Kf3 32. Kxf6 Kxe3 33. Kg5
Kf3 34. Be1 e3 35. h4 h5 36. a4 e2 37. a5 Kg2 0-1

[Event "III Torneo Estate Vomero"]
[Site "Napoli ITA"]
[Date "2009.05.14"]
[Round "2"]
[White "Gallo, Thomas Renato"]
[Black "De Rosa, Francesco"]
[Result "0-1"]
[WhiteElo "1900"]
[BlackElo "1968"]
[PlyCount "88"]
[EventDate "2009.05.08"]

1. d4 d5 2. Nf3 c6 3. c4 Nf6 4. Nc3 e6 5. Bg5 h6 6. Bf4 dxc4 7. a4 Bb4 8. e3
Nd5 9. Rc1 Qa5 10. Qc2 Nxf4 11. exf4 Nd7 12. Bxc4 O-O 13. O-O a6 14. Ne5 Nf6
15. Rcd1 Qc7 16. Ne4 Nd5 17. g3 Bd6 18. Qe2 b5 19. Bb3 Bb7 20. Rc1 Rac8 21.
axb5 axb5 22. Nc5 Bxc5 23. Rxc5 Qd6 24. Rfc1 Ne7 25. Qe4 Nf5 26. Rd1 Rfd8 27.
Nxf7 Kxf7 28. Qxf5+ Kg8 29. Bxe6+ Kh8 30. Bxc8 Bxc8 31. Qe5 Qg6 32. d5 Bh3 33.
Rxc6 Qxc6 34. f5 Qc2 35. Re1 Qxf5 36. Qxf5 Bxf5 37. Re5 g6 38. Kf1 Kg7 39. Ke2
Kf7 40. Ke3 h5 41. Kd4 Rc8 42. Re2 Kf6 43. d6 Rc4+ 44. Kd5 Bd7 0-1

[Event "III Torneo Estate Vomero"]
[Site "Napoli ITA"]
[Date "2009.05.14"]
[Round "2"]
[White "Longobardi, Giuseppe"]
[Black "Donadio, Andrea"]
[Result "1/2-1/2"]
[WhiteElo "1999"]
[BlackElo "1634"]
[PlyCount "82"]
[EventDate "2009.05.08"]

1. c4 c6 2. g3 d5 3. b3 Nf6 4. Nf3 Bf5 5. d3 h6 6. Bg2 e6 7. O-O Bd6 8. Bb2 O-O
9. Ne5 Nbd7 10. f4 Ng4 11. Nxg4 Bxg4 12. h3 Qb6+ 13. Kh2 Bh5 14. Qd2 f5 15. e4
d4 16. Ba3 c5 17. e5 Be7 18. Qf2 g5 19. Bc1 g4 20. Qe2 Kh7 21. Bd2 Rf7 22. h4
Rg8 23. Kg1 Qd8 24. Be1 b6 25. Na3 a6 26. Nc2 Rfg7 27. b4 Be8 28. a4 Bxh4 29.
a5 Be7 30. axb6 Qxb6 31. Bf2 cxb4 32. Bxd4 Bc5 33. Bxc5 Nxc5 34. d4 Nb3 35.
Rab1 Nxd4 36. Nxd4 Qxd4+ 37. Kh2 a5 38. Rfd1 Qc5 39. Rd6 Rg6 40. Qd3 h5 41. Qd4
Qxd4 1/2-1/2

[Event "III Torneo Estate Vomero"]
[Site "Napoli ITA"]
[Date "2009.05.14"]
[Round "2"]
[White "Messina, Enrico"]
[Black "Casale, Antonio"]
[Result "1-0"]
[WhiteElo "2147"]
[BlackElo "1859"]
[PlyCount "45"]
[EventDate "2009.05.08"]

1. e4 c5 2. Nf3 d6 3. d4 cxd4 4. Nxd4 Nf6 5. Nc3 a6 6. h3 e6 7. g4 Nc6 8. Bg2
Be7 9. Be3 Qc7 10. O-O Nd7 11. f4 Nb6 12. Nxc6 bxc6 13. Qd4 Nd7 14. Qxg7 Bf6
15. Qh6 Bb7 16. e5 Be7 17. exd6 Bxd6 18. Ne4 Be7 19. Qh5 O-O 20. g5 Rfd8 21. f5
Ne5 22. Nf6+ Bxf6 23. gxf6 1-0

[Event "III Torneo Estate Vomero"]
[Site "Napoli ITA"]
[Date "2009.05.14"]
[Round "2"]
[White "Piscopia, Carmela"]
[Black "Improta, Giovanni"]
[Result "0-1"]
[WhiteElo "1520"]
[BlackElo "1886"]
[PlyCount "81"]
[EventDate "2009.05.08"]

1. d4 Nf6 2. c4 e5 3. dxe5 Ng4 4. Nf3 Bc5 5. e3 Nc6 6. Nc3 Ngxe5 7. Nxe5 Nxe5
8. Ne4 Be7 9. Be2 O-O 10. O-O d6 11. b3 f5 12. Nd2 Bf6 13. Rb1 c5 14. Bb2 Qe8
15. Bf3 Qg6 16. Bd5+ Kh8 17. Nf3 Rb8 18. Nxe5 dxe5 19. Ba3 b6 20. b4 cxb4 21.
Bxb4 Rd8 22. Qa4 Bb7 23. Bxb7 Rxb7 24. Qc6 Qf7 25. a4 Rc7 26. Qb5 Qxc4 27. Qxc4
Rxc4 28. a5 b5 29. a6 e4 30. Rfc1 Re8 31. Rd1 Rc6 32. Bd6 Rd8 33. Bg3 Rxd1+ 34.
Rxd1 Rxa6 35. Bb8 Ra3 36. Rc1 Rc3 37. Rb1 a6 38. Ba7 Kg8 39. Kf1 Kf7 40. Ra1
Rc6 41. Ke2 0-1

[Event "III Torneo Estate Vomero"]
[Site "Napoli ITA"]
[Date "2009.05.14"]
[Round "2"]
[White "Rosato, Luciano"]
[Black "Cosenza, Gianni"]
[Result "1-0"]
[WhiteElo "2268"]
[BlackElo "1927"]
[PlyCount "57"]
[EventDate "2009.05.08"]

1. e4 e6 2. d3 d5 3. Nd2 c5 4. Ngf3 Nc6 5. g3 Bd6 6. Bg2 Nge7 7. O-O O-O 8. Re1
f6 9. c3 Bd7 10. Qe2 Rc8 11. Nh4 d4 12. f4 Qe8 13. Nc4 Bb8 14. a4 b6 15. e5
fxe5 16. fxe5 Na5 17. Nxa5 bxa5 18. Nf3 Nc6 19. Bf4 Bc7 20. Nd2 Qe7 21. Nc4 Rb8
22. Be4 Kh8 23. Qh5 Rf5 24. Bxf5 exf5 25. e6 Bc8 26. Qg5 Bxf4 27. Qxe7 Nxe7 28.
gxf4 Nd5 29. Re5 1-0

[Event "III Torneo Estate Vomero"]
[Site "Napoli ITA"]
[Date "2009.05.14"]
[Round "2"]
[White "Sorrentino, Michele"]
[Black "Accardo, Francesco"]
[Result "1-0"]
[WhiteElo "2023"]
[BlackElo "1854"]
[PlyCount "117"]
[EventDate "2009.05.08"]

1. e4 c5 2. Nf3 Nf6 3. d3 Nc6 4. Nbd2 d6 5. c3 e5 6. Be2 Be7 7. O-O Ng4 8. Nb3
f5 9. h3 Nf6 10. exf5 Bxf5 11. Nh4 Be6 12. Nf3 a5 13. a4 Qb6 14. Nbd2 d5 15.
Qc2 O-O 16. Re1 Bd6 17. Nf1 Rae8 18. Ng3 Kh8 19. Be3 d4 20. Bg5 Nd5 21. Ne4 Bb8
22. Rab1 h6 23. Bh4 Nf4 24. Bf1 Bb3 25. Qd2 g5 26. g3 Nxh3+ 27. Bxh3 Rxf3 28.
Kg2 Ref8 29. Bg4 R3f7 30. Bxg5 hxg5 31. Qxg5 Rg7 32. Rh1+ Kg8 33. Nf6+ Rxf6 34.
Qxf6 Bd5+ 35. Bf3 Bxf3+ 36. Qxf3 Ne7 37. Qh5 Qc6+ 38. f3 Ng6 39. Kf2 Qd6 40.
Rhg1 Qd7 41. Rbd1 Qxa4 42. Rd2 Bc7 43. Qf5 Qe8 44. c4 Qe7 45. Qc8+ Nf8 46. Qxb7
Qg5 47. Qd5+ Rf7 48. Re2 Nd7 49. Rh1 Nf6 50. Qa8+ Rf8 51. Rh8+ Kxh8 52. Qxf8+
Ng8 53. Qxc5 Qg7 54. Re4 Nh6 55. Rh4 e4 56. f4 e3+ 57. Ke2 Qxg3 58. Qg5 Qxg5
59. fxg5 {...} 1-0

[Event "III Torneo Estate Vomero"]
[Site "Napoli ITA"]
[Date "2009.05.21"]
[Round "3"]
[White "Capozzoli, Silvio"]
[Black "Lombardo, Claudio"]
[Result "1/2-1/2"]
[WhiteElo "1961"]
[BlackElo "1730"]
[PlyCount "119"]
[EventDate "2009.05.08"]

1. e4 c5 2. Nc3 g6 3. f4 Bg7 4. Nf3 d6 5. Bc4 e6 6. O-O Nc6 7. d3 Nge7 8. Be3
Nd4 9. Bxd4 cxd4 10. Nb5 O-O 11. Kh1 Qb6 12. a4 Bd7 13. a5 Qc5 14. b4 Qxb4 15.
Nbxd4 Qc5 16. Nb3 Qc7 17. Nfd4 a6 18. Qf3 Nc6 19. c3 Rab8 20. Rfc1 Ne7 21. Nd2
Nc6 22. N2b3 Ne7 23. Nd2 Nc6 24. Nxc6 Bxc6 25. d4 Bd7 26. Bd3 Qd8 27. Nc4 Bb5
28. Nb6 Bxd3 29. Qxd3 Qc7 30. Rab1 Bh6 31. Rf1 f5 32. Qh3 Bg7 33. e5 dxe5 34.
fxe5 Rf7 35. Rbc1 Bf8 36. d5 Bc5 37. dxe6 Rg7 38. Nd5 Qxa5 39. Nf6+ Kh8 40.
Rfd1 Be7 41. Rd5 Qc7 42. Rcd1 Rd8 43. Rxd8+ Bxd8 44. Ne8 Qxe5 45. Nxg7 Kxg7 46.
Qd3 Bc7 47. Qd4 Kf6 48. Re1 Qxd4 49. cxd4 Bd6 50. d5 b6 51. Kg1 g5 52. Kf1 a5
53. Rc1 Bc5 54. Ke2 Ke7 55. h3 Kd6 56. Re1 a4 57. Kd3 a3 58. Kc4 f4 59. Rd1 Ke7
60. Re1 {...} 1/2-1/2

[Event "III Torneo Estate Vomero"]
[Site "Napoli ITA"]
[Date "2009.05.21"]
[Round "3"]
[White "Colli, Roberto"]
[Black "Longobardi, Giuseppe"]
[Result "0-1"]
[WhiteElo "1440"]
[BlackElo "1999"]
[PlyCount "48"]
[EventDate "2009.05.08"]

1. d4 Nf6 2. c4 e6 3. Nc3 Bb4 4. Nf3 b6 5. Bg5 Bb7 6. e3 h6 7. Bh4 g5 8. Bg3
Ne4 9. Qc2 d6 10. Be2 Nd7 11. O-O Bxc3 12. bxc3 h5 13. h3 f5 14. Nd2 h4 15. Bh2
Qe7 16. Rab1 Qg7 17. f3 Ng3 18. Bxg3 hxg3 19. a4 Nf6 20. Qd1 Rh4 21. e4 f4 22.
d5 e5 23. Nb3 Qd7 24. a5 Rxh3 0-1

[Event "III Torneo Estate Vomero"]
[Site "Napoli ITA"]
[Date "2009.05.21"]
[Round "3"]
[White "De Rosa, Francesco"]
[Black "Messina, Enrico"]
[Result "0-1"]
[WhiteElo "1968"]
[BlackElo "2147"]
[PlyCount "52"]
[EventDate "2009.05.08"]

1. e4 c5 2. Nf3 d6 3. d4 cxd4 4. Nxd4 Nf6 5. Nc3 g6 6. f3 Bg7 7. Be3 O-O 8. Bc4
Nc6 9. Qd2 Nd7 10. O-O-O Nb6 11. Bb3 Na5 12. Qe2 Bd7 13. Nd5 Nxb3+ 14. axb3
Nxd5 15. exd5 Qa5 16. c4 b5 17. Kb1 bxc4 18. bxc4 Rab8 19. g4 Rfc8 20. Rd2 Rb4
21. Rc1 Ba4 22. Rc3 Rxb2+ 23. Rxb2 Qxc3 24. Ra2 Rxc4 25. Ra3 Qb4+ 26. Ka2 Bxd4
0-1

[Event "III Torneo Estate Vomero"]
[Site "Napoli ITA"]
[Date "2009.05.21"]
[Round "3"]
[White "Ficco, Corrado"]
[Black "Sorrentino, Michele"]
[Result "1-0"]
[WhiteElo "2163"]
[BlackElo "2023"]
[PlyCount "101"]
[EventDate "2009.05.08"]

1. c4 Nf6 2. Nf3 e6 3. g3 d5 4. Bg2 Bd7 5. O-O Bd6 6. d4 O-O 7. c5 Be7 8. Nc3
Na6 9. a3 c6 10. Ne5 Be8 11. b4 Nc7 12. Qc2 Nd7 13. Nd3 f6 14. f4 Bg6 15. Qd2
Bxd3 16. exd3 e5 17. Bb2 exf4 18. Qxf4 Ne6 19. Qf2 Ng5 20. h4 Nf7 21. Bh3 Re8
22. Rae1 Bf8 23. Rxe8 Qxe8 24. Re1 Qd8 25. Be6 Be7 26. Qe3 Kf8 27. Bxd5 Nxc5
28. dxc5 cxd5 29. Nxd5 Ne5 30. Nf4 Qd7 31. Bxe5 fxe5 32. Qxe5 Bf6 33. Qe4 g6
34. d4 Qxd4+ 35. Qxd4 Bxd4+ 36. Kg2 Bb2 37. Re3 Re8 38. Rb3 Bc1 39. Kf3 Kf7 40.
a4 Rc8 41. Rc3 Bd2 42. Rc4 Rd8 43. b5 Rc8 44. Kg4 Be3 45. c6 bxc6 46. bxc6 Bxf4
47. Kxf4 Rc7 48. Ke5 Ke7 49. Kd5 Kd8 50. Rf4 Rg7 51. Kd6 1-0

[Event "III Torneo Estate Vomero"]
[Site "Napoli ITA"]
[Date "2009.05.21"]
[Round "3"]
[White "Improta, Giovanni"]
[Black "Caccaviello, Vincenzo"]
[Result "0-1"]
[WhiteElo "1886"]
[BlackElo "1688"]
[PlyCount "116"]
[EventDate "2009.05.08"]

1. e4 d6 2. d4 Nf6 3. Nc3 g6 4. Be2 Bg7 5. Bg5 c6 6. h3 Qa5 7. Bd2 Qb6 8. Bc1
Nbd7 9. Nf3 a5 10. a4 Nb8 11. Rb1 Na6 12. Be3 Nb4 13. e5 Nfd5 14. Nxd5 Nxd5 15.
O-O Nxe3 16. fxe3 O-O 17. Bd3 dxe5 18. Nxe5 Bxe5 19. dxe5 Qxe3+ 20. Rf2 Qxe5
21. Qd2 Be6 22. b3 Kg7 23. Re1 Qc5 24. Kh1 Qd5 25. Qc3+ Kg8 26. Bc4 Qc5 27. Rf3
Bxc4 28. Qxc4 Qxc4 29. bxc4 e6 30. Rb3 Rab8 31. Rb6 Rfd8 32. Reb1 Rd4 33. Rxc6
bxc6 34. Rxb8+ Kg7 35. Ra8 Rxc4 36. Rxa5 Rxc2 37. Ra8 c5 38. a5 c4 39. a6 Ra2
40. a7 c3 41. Rc8 Rxa7 42. Rxc3 h5 43. Kh2 e5 44. Kg3 f5 45. Kh4 Kh6 46. Kg3
Ra4 47. Kf3 Kg5 48. g3 e4+ 49. Ke3 Ra1 50. Rc2 Rg1 51. Kf2 Rh1 52. Kg2 Rd1 53.
Re2 h4 54. g4 Rd3 55. Kh2 e3 56. Kg1 fxg4 57. hxg4 Kxg4 58. Rg2+ Kf5 0-1

[Event "III Torneo Estate Vomero"]
[Site "Napoli ITA"]
[Date "2009.05.21"]
[Round "3"]
[White "Supino, Domenico"]
[Black "Rosato, Luciano"]
[Result "0-1"]
[WhiteElo "2102"]
[BlackElo "2268"]
[PlyCount "66"]
[EventDate "2009.05.08"]

1. e4 d6 2. d4 Nf6 3. Bd3 e5 4. Nf3 Nc6 5. c3 g6 6. O-O Bg7 7. Nbd2 O-O 8. h3
Nh5 9. d5 Ne7 10. Nc4 Qe8 11. Be2 h6 12. a4 Nf6 13. Bd3 Nh7 14. b4 f5 15. b5 f4
16. a5 g5 17. Nh2 Bd7 18. Rb1 b6 19. a6 Qg6 20. Bd2 h5 21. f3 Nf6 22. Be2 Kh7
23. Kf2 g4 24. hxg4 hxg4 25. Nxg4 Bxg4 26. fxg4 Nxe4+ 27. Ke1 Nc5 28. Rh1+ Kg8
29. Na3 e4 30. c4 Rae8 31. Bb4 f3 32. Bf1 Qxg4 33. Bxc5 Bc3+ 0-1

[Event "III Torneo Estate Vomero"]
[Site "Napoli ITA"]
[Date "2009.06.04"]
[Round "4"]
[White "De Simone, Dario"]
[Black "Cosenza, Gianni"]
[Result "0-1"]
[WhiteElo "1661"]
[BlackElo "1927"]
[PlyCount "86"]
[EventDate "2009.05.08"]

1. d4 e6 2. Nf3 d5 3. e3 Nf6 4. Bd3 Bd6 5. b3 c6 6. O-O Qe7 7. Nbd2 Nbd7 8. Bb2
O-O 9. Ne5 c5 10. f4 b6 11. Nc6 Qe8 12. Nf3 Bb7 13. Nce5 h6 14. Nxd7 Nxd7 15.
Ne5 Nf6 16. Qf3 Qe7 17. Qh3 Ne4 18. Qh5 Bxe5 19. fxe5 Qg5 20. Qxg5 Nxg5 21. Rf4
Rac8 22. c4 Ba6 23. Rc1 Rc7 24. h4 Nh7 25. e4 dxc4 26. bxc4 cxd4 27. Be2 Rd8
28. Bd3 Nf8 29. h5 Rc5 30. Rcf1 Rd7 31. Rg4 Rxe5 32. Bc1 Rxh5 33. Rf6 Ng6 34.
e5 gxf6 35. exf6 Kh7 36. Bf4 b5 37. cxb5 Bxb5 38. Be4 Be2 39. Rg3 d3 40. Bd2
Rh4 41. Bc6 Rc7 42. Be8 Rg4 43. Rxg4 Bxg4 0-1